000 00278nam a2200109Ia 4500
008 200302s9999 xx 000 0 und d
100 _aArthur Lyons
245 _aMaterials for Architects & Builders 3rd ed.
260 _bButterworth-Heinemann
260 _c2007
300 _a368 P.,
999 _c5139
_d5139